[Event "Creon op 4th"]
[Site "Creon"]
[Date "1999.??.??"]
[Round "?"]
[White "Jaureguiberry, Cedric"]
[Black "Crut, Aurelien"]
[Result "1-0"]
[WhiteElo "2105"]
[BlackElo "2164"]
[PlyCount "94"]
[EventDate "1999.??.??"]
[EventType "swiss"]
[EventRounds "9"]
[EventCountry "FRA"]
[SourceTitle "EXT 2001"]
[Source "ChessBase"]
[SourceDate "2000.11.22"]
[SourceVersion "1"]
[SourceVersionDate "2000.11.22"]
[SourceQuality "1"]

1. e4 e5 2. Nf3 Nc6 3. d4 exd4 4. Nxd4 Bc5 5. Be3 Qf6 6. c3 Nge7 7. Bc4 Ne5 8. Be2 Qg6 9. 0-0 d5 10. Bh5 Qxe4 11. Nb5 Bxe3 12. Nxc7+ Kd8 13. Nxa8 Bc5 14. Nd2 Qf4 15. Nf3 Nxf3+ 16. Bxf3 Be6 17. c4 Bd6 18. g3 Qxc4 19. Rc1 Qa6 20. Qc2 Nc6 21. Rfd1 Ke7 22. Bxd5 Nb4 23. Nc7 Qa5 24. Qe4 Bxc7 25. Rxc7+ Qxc7 26. Qxb4+ Kf6 27. Qh4+ Kg6 28. Bf3 h6 29. Bh5+ Kh7 30. Qe4+ Kg8 31. a3 Qe7 32. Bg4 h5 33. Bxe6 fxe6 34. Rc1 Rh6 35. Rc8+ Kf7 36. Qe5 Qf6 37. Rc7+ Kf8 38. Qxf6+ Rxf6 39. Rxb7 Rf3 40. Kf1 e5 41. Ke2 e4 42. Rb4 a5 43. Rb5 Rd3 44. Rxh5 Rb3 45. Rxa5 Rxb2+ 46. Ke3 Ra2 47. Kxe4 Ke7 1-0